=LDR 00000nam 2200000 4500 =001 INLIS000000000050469 =005 20170505084441 =035 ##$$a 0010-0517000122 =007 ta =008 170505###########################0###### =020 ##$$a 978-602-1135-20-2 =082 ##$$a 641.337 3 =084 ##$$a 641.337 3 DEV a =100 #$$a Devantary, Reva =245 1#$$a Aneka Resep Kopi Maknyus /$c Devantary, Reva =250 ##$$a Cet.1 =260 ##$$a Jakarta :$b Pedar Kindy,$c 2016 =300 ##$$a vi, 60 hlm. : $b Ilus ; $c 21 cm. =650 ##$$a Kopi =990 ##$$a 78797879 =990 ##$$a 78797879 =990 ##$$a 31700985 =990 ##$$a 02201707879 =990 ##$$a 31700986 =990 ##$$a 31700985